[Event "GAMMA Reykjavik Open 2019"]
[Site "Reykjavik"]
[Date "2019.04.14"]
[Round "7.7"]
[White "Petrosian, Tigran L."]
[Black "Ragnarsson, Dagur"]
[Result "1-0"]
[WhiteElo "2605"]
[BlackElo "2380"]
[Annotator "TA"]
[PlyCount "51"]
[EventDate "2019.04.04"]
[EventType "swiss"]
[EventCountry "ISL"]
[SourceTitle "playchess.com"]
[Source "ChessBase"]
[SourceQuality "1"]

{[%evp 9,51,8,60,-2,61,70,63,59,59,30,43,11,24,20,10,23,56,45,70,70,67,67,67,52,83,89,114,108,110,104,126,85,283,195,196,192,196,213,469,479,600,604,720,708]} 1. g3 d5 2. Bg2 g6 3. c4 dxc4 4. Na3 Bg7 5. Nxc4 e5 (5... Nh6 $11) 6. d3 {A10: English Opening: Unusual Replies for Black} (6. b3 $1 $14) 6... Nc6 $146 (6... Ne7 $11) ({Predecessor:} 6... Ne7 7. Nf3 Nbc6 8. O-O O-O 9. Bg5 h6 10. Bxe7 Qxe7 11. Rc1 Rd8 12. Qa4 Rb8 13. Qa3 Qxa3 14. bxa3 Be6 15. Rc2 f5 16. Nh4 Nd4 17. Rb2 g5 18. e3 gxh4 19. exd4 e4 20. Na5 exd3 21. Rxb7 Rxb7 22. Nxb7 Rxd4 {0-1 (22) Petrosian,S (2388)-Shirov,A (2705) Nordhorn 2005}) 7. Bxc6+ $1 $14 bxc6 8. e4 {White is slightly better.} Ne7 9. Nf3 f6 10. Qe2 Bh3 11. Nfd2 c5 12. Na5 Qd6 13. Ndc4 $36 {[%mdl 2048] White is pushing.} Qe6 14. Be3 O-O 15. f3 f5 16. O-O-O Rf7 17. Kb1 Raf8 18. Rc1 fxe4 19. fxe4 Bg4 20. Qc2 Rd8 $2 (20... Nc6 $16) 21. Nb7 ({Less strong is} 21. Bxc5 Nc6 $16) 21... Rb8 22. Nxc5 Qc8 {[#]} 23. h3 $1 {[%mdl 512]} Bf3 $2 (23... Bd7 {might work better.} 24. g4 Nc6) (23... Bxh3 24. Qh2) 24. Rh2 $18 {White is clearly winning.} Nc6 25. Nd2 Nb4 26. Qc4 {Accuracy: White = 74%, Black = 30%.} 1-0

[Event "GAMMA Reykjavik Open 2019"]
[Site "Reykjavik"]
[Date "2019.04.14"]
[Round "7.8"]
[White "Praggnanandhaa R"]
[Black "Gupta, Abhijeet"]
[Result "0-1"]
[WhiteElo "2537"]
[BlackElo "2602"]
[Annotator "TA"]
[PlyCount "74"]
[EventDate "2019.04.04"]
[EventType "swiss"]
[EventCountry "ISL"]
[SourceTitle "playchess.com"]
[Source "ChessBase"]
[SourceQuality "1"]

{[%evp 23,74,14,26,0,0,-23,0,0,0,-61,-28,-41,-50,-54,0,-4,-28,-133,-137,-149,-128,-241,-220,-264,-248,-214,-241,-244,-228,-403,-404,-390,-395,-389,-377,-812,-797,-766,-758,-1682,-1497,-29987,-29988,-29988,-29989,-29989,-29990,-29990,-29991,-29991,-29992,-29992,-29993]} 1. e4 c5 2. Nf3 d6 3. d4 cxd4 4. Nxd4 Nf6 5. Nc3 Nc6 6. Bg5 e6 7. Qd2 a6 8. O-O-O Bd7 9. f3 Be7 10. h4 Nxd4 11. Qxd4 Qc7 {B67: Sicilian: Richter-Rauzer: 7...a6 8 0-0-0 Bd7, lines without 9 f4 Be7} (11... b5 12. Kb1 Rb8 13. g4 b4 14. Ne2 h5 15. gxh5 Rxh5 16. Ng3 Rh8 17. e5 dxe5 18. Qxe5 Rc8 19. Bxa6 {1-0 (31) Robson,R (2667)-Demchenko,A (2679) chess.com INT 2019}) 12. Kb1 b5 {[%cal Bb7b5,Bb5b4][%mdl 32] LiveBook: 17 Games} 13. Be3 h5 {[#] The position is equal.} 14. Qd2 $146 ({Predecessor:} 14. Bg5 Rc8 15. Qd2 b4 16. Ne2 a5 17. Nd4 O-O 18. Nb5 Bxb5 19. Bxb5 {½-½ (40) Muzychuk,A (2555)-Kosteniuk,A (2559) Batumi 2018}) 14... b4 15. Ne2 a5 {[%cal Ba6a5,Ba5a4][%mdl 32]} 16. Nd4 (16. Bf4 $11) 16... Rb8 17. Bd3 a4 18. Bg5 e5 19. Nf5 Bxf5 $1 20. Bxf6 (20. exf5 $11 {remains equal.} a3 21. Bxf6 Bxf6 22. Be4) 20... Bxf6 $17 21. exf5 d5 $1 22. Be2 (22. Ba6 $17) 22... O-O $19 23. g4 hxg4 24. fxg4 {[#] g5 is the strong threat.} e4 $1 25. g5 {[#]} ({Not} 25. Qxd5 $2 Rfd8 $19) 25... Be5 $1 {Hoping for ...b3.} 26. Qxd5 $2 (26. Rh3 Rfc8 27. Bg4) 26... Rfc8 27. Bc4 ({Much weaker is} 27. Qxe4 b3 $19) 27... Qxc4 28. Qxe5 Rb5 29. Qh2 $2 (29. Qg3 Qxc2+ 30. Ka1) 29... b3 30. cxb3 axb3 31. a3 Rbc5 32. Rde1 Qd3+ {Black mates.} 33. Ka1 Rc2 34. Qe5 Ra8 35. Rh2 Qe3 {[%cal Re3e1]} 36. Rb1 Rxh2 {[%mdl 64] Overworked Piece} 37. Qxh2 Qd4 {Accuracy: White = 38%, Black = 82%.} 0-1

[Event "GAMMA Reykjavik Open 2019"]
[Site "Reykjavik"]
[Date "2019.04.14"]
[Round "7.9"]
[White "Van Foreest, Jorden"]
[Black "Korley, Kassa"]
[Result "0-1"]
[WhiteElo "2598"]
[BlackElo "2440"]
[Annotator "TA"]
[PlyCount "126"]
[EventDate "2019.04.04"]
[EventType "swiss"]
[EventCountry "ISL"]
[SourceTitle "playchess.com"]
[Source "ChessBase"]
[SourceQuality "1"]

{[%evp 17,126,0,0,0,14,20,28,28,63,64,83,76,86,79,75,75,75,61,59,0,187,169,222,221,175,163,223,226,232,135,120,0,0,-57,-56,-160,-68,-405,-399,-381,-376,-384,-380,-451,-435,-400,-418,-371,-286,-244,-215,-215,-227,-236,-229,-241,-239,-247,-247,-247,-244,-247,-154,-143,0,-142,-165,-193,-202,-173,-165,-165,-162,-152,-127,-215,-156,-150,-150,-237,-235,-185,-197,-162,-168,-242,-231,-288,-259,-316,-302,-296,-221,-214,-214,-416,-398,-326,-260,-245,-245,-246,-246,-29958,-29959,-12844,-8120,-5193,-5073,-29985,-29986]} 1. e4 e5 2. Nf3 Nc6 3. Bc4 Bc5 4. c3 Nf6 5. d4 exd4 6. e5 d5 7. Bb5 Ne4 8. cxd4 Bb6 9. Nc3 O-O 10. Be3 {C54: Giuoco Piano: 4 c3 Nf6, main lines with 5 d4 and 5 d3} Bf5 (10... Bg4 11. h3 Bh5 12. Qc2 Bg6 13. Qb3 Ne7 14. O-O c6 15. Bd3 Nd2 16. Nxd2 Bxd3 17. Rfd1 Bg6 {0-1 (58) Aronian,L (2767)-Nakamura,H (2777) chess.com INT 2018}) 11. O-O Nxc3 12. bxc3 {White has an edge.} Ne7 13. Nh4 c6 14. Nxf5 Nxf5 15. Bd3 Nxe3 16. fxe3 Qg5 17. Qe2 {[#]} g6 $146 ({Predecessor:} 17... f6 18. Rf5 Qh6 19. Rh5 Qxh5 20. Qxh5 g6 21. Bxg6 hxg6 22. Qxg6+ Kh8 23. exf6 {1-0 (23) Macieja,B (2653)-Fontaine,R (2532) playchess.com INT 2004}) 18. Rf4 (18. Rf6 $14) 18... c5 $2 (18... f6 $1 $11) 19. Raf1 $18 Qe7 (19... cxd4 {is a better defense.} 20. cxd4 (20. exd4 Qe7 $16) 20... Rad8) 20. Qf3 $1 Rad8 21. Qh3 cxd4 (21... Kg7 $142 22. Be2 Ba5) 22. cxd4 Kg7 23. Rf6 (23. Rh4 $18 Rh8 24. Bc2) 23... Rc8 $16 {[%cal Bd8c8,Bc8c3,Bc3c1,Bc1b1,Bb1b2][%mdl 32]} 24. Qg3 (24. Rxf7+ $16 Rxf7 25. Qxc8) 24... Rc3 $1 $11 {[%cal Rc3d3]} 25. Qg5 ({Better is} 25. e6 $11 Qxf6 26. Rxf6 Kxf6 27. Qe5+ Ke7 28. Qg5+ (28. exf7+ Kxf7 29. Bb5 Kg8 $11) 28... Kxe6 29. Qe5+ Kd7 30. Qxd5+ Kc8 31. g3) 25... Bd8 $1 $15 26. Bb1 (26. Be2 $15) 26... Qe6 ({Black should play} 26... Qe8 $17 27. e4 dxe4) 27. R1f3 $2 {[%mdl 8192]} (27. Rxe6 $15 Bxg5 28. Rd6) 27... Rc1+ $19 {[%mdl 64] Double Attack} 28. Kf2 Rxb1 29. Rh3 {White wants to mate with Qh6+.} Qf5+ (29... h5 30. Rxh5 Kg8 31. Qh6 $11) 30. Rxf5 {White threatens Qh6+ and mate.} Bxg5 31. Rxg5 {[%mdl 4096] Endgame KRR-KRR} Rb2+ 32. Kf3 Rxa2 33. e4 f6 34. exf6+ Rxf6+ 35. Ke3 Ra3+ 36. Ke2 Rxh3 37. gxh3 dxe4 {KR-KR} 38. Ke3 Rf5 39. Rg1 Rb5 40. Rf1 Rf5 (40... a5 $17 {And now ...a4 would win.} 41. Kxe4 Rb2) 41. Rb1 (41. Rg1 $1 $11) 41... b6 42. Kxe4 {[#]} Kf6 $1 43. Rc1 Ke6 44. Rc7 Rh5 45. Rxa7 Rh4+ (45... Rxh3 46. Rb7 $17) 46. Kd3 (46. Kf3 $17) 46... Kd5 47. Rd7+ Kc6 48. Re7 (48. Rd8 $17 {keeps fighting.}) 48... Rxh3+ {[%mdl 64] Double Attack} 49. Ke4 Kd6 (49... Rxh2 50. d5+ Kd6 51. Re6+ Kc5 52. Rc6+ Kb5 53. Rc1 $15) 50. Rb7 {[#]} Rh4+ $1 ({Much less strong is} 50... Rxh2 51. Rxb6+ Kd7 52. d5 $11) 51. Kd3 (51. Ke3 {was worth a try.}) 51... Kc6 ({Weaker is} 51... Rxh2 52. Rxb6+ Kd5 53. Rb5+ Ke6 54. Rb6+ Kf5 55. Rb5+ Ke6 56. Rb6+ Kd5 57. Rb5+ Kc6 58. Rg5 $17) 52. Rf7 b5 ({Less strong is} 52... Rxh2 53. Rf6+ Kb7 54. d5 $17) 53. Rf8 Rxh2 54. Rc8+ Kd7 55. Rb8 Rh5 56. Rb6 $2 (56. Ke4 {might work better.}) 56... Kc7 57. Ra6 Rh3+ 58. Ke4 b4 {[%cal Bb5b4,Bb4b3,Bb3b2][%mdl 32]} 59. d5 b3 {( -> ...b2)} 60. Rc6+ $2 (60. d6+ $19 Kd7 61. Rb6) 60... Kb7 61. Rc5 Rh4+ 62. Ke5 Rb4 63. d6 b2 {Accuracy: White = 51%, Black = 62%.} 0-1

[Event "GAMMA Reykjavik Open 2019"]
[Site "Reykjavik"]
[Date "2019.04.14"]
[Round "7.10"]
[White "Libiszewski, Fabien"]
[Black "Potkin, Vladimir"]
[Result "1/2-1/2"]
[WhiteElo "2488"]
[BlackElo "2597"]
[Annotator "ChessBase"]
[PlyCount "63"]
[EventDate "2019.04.04"]
[EventType "swiss"]
[EventCountry "ISL"]
[SourceTitle "playchess.com"]
[Source "ChessBase"]
[SourceQuality "1"]
[TimeControl "40/5400+30:1800+30"]

1. e4 {[%emt 0:00:00]} c5 {[%emt 0:00:00]} 2. Nf3 {[%emt 0:00:00]} d6 {[%emt 0:00:00]} 3. d4 {[%emt 0:00:41]} cxd4 {[%emt 0:00:00]} 4. Nxd4 {[%emt 0:00:10]} Nf6 {[%emt 0:00:00]} 5. Nc3 {[%emt 0:00:12]} a6 {[%emt 0:00:05]} 6. Be3 {[%emt 0:00:30]} e5 {[%emt 0:00:53]} 7. Nb3 {[%emt 0:00:22]} Be7 {[%emt 0:01:01]} 8. h3 {[%emt 0:02:01]} Be6 {[%emt 0:01:02]} 9. g4 {[%emt 0:02:12]} d5 {[%emt 0:04:01]} 10. exd5 {[%emt 0:00:36]} Nxd5 {[%emt 0:00:07]} 11. Bg2 {[%emt 0:00:24]} Nxe3 {[%emt 0:05:39]} 12. Qxd8+ {[%emt 0:01:16]} Kxd8 {[%emt 0:02:59]} 13. fxe3 {[%emt 0:02:57]} Bh4+ {[%emt 0:10:22]} 14. Kf1 {[%emt 0:10:54]} Bc4+ {[%emt 0:22:12]} 15. Kg1 {[%emt 0:02:46]} Nc6 {[%emt 0:00:08]} 16. Nc5 {[%emt 0:07:12]} Kc7 {[%emt 0:01:25]} 17. b3 {[%emt 0:05:45]} Be7 {[%emt 0:03:56]} 18. Nd3 {[%emt 0:11:22]} Bxd3 {[%emt 0:06:04]} 19. Nd5+ {[%emt 0:03:06]} Kd6 {[%emt 0:00:06]} 20. cxd3 {[%emt 0:01:11]} Bh4 {[%emt 0:08:13]} 21. Kf1 {[%emt 0:09:15]} Raf8 {[%emt 0:06:17]} 22. Ke2 {[%emt 0:01:19]} f5 {[%emt 0:01:48]} 23. gxf5 {[%emt 0:09:10]} Rxf5 {[%emt 0:01:31]} 24. Raf1 {[%emt 0:01:25]} Rhf8 {[%emt 0:00:00]} 25. Rxf5 {[%emt 0:00:19]} Rxf5 {[%emt 0:00:00]} 26. Rf1 {[%emt 0:00:18]} Rxf1 {[%emt 0:00:00]} 27. Kxf1 {[%emt 0:00:06]} Bd8 {[%emt 0:01:07]} 28. Ke2 {[%emt 0:01:50]} b5 {[%emt 0:06:13]} 29. b4 {[%emt 0:11:11]} a5 {[%emt 0:02:44]} 30. bxa5 {[%emt 0:02:45]} Bxa5 {[%emt 0:00:19]} 31. Kd1 {[%emt 0:01:59]} Nb4 {[%emt 0:07:07]} 32. Nxb4 {[%emt 0:00:08] Kd5 [%emt 00:00:21]} 1/2-1/2

[Event "GAMMA Reykjavik Open 2019"]
[Site "Reykjavik"]
[Date "2019.04.14"]
[Round "7.11"]
[White "Fier, Alexandr"]
[Black "Loiseau, Quentin"]
[Result "0-1"]
[WhiteElo "2570"]
[BlackElo "2461"]
[Annotator "ChessBase"]
[PlyCount "98"]
[EventDate "2019.04.04"]
[EventType "swiss"]
[EventCountry "ISL"]
[SourceTitle "playchess.com"]
[Source "ChessBase"]
[SourceQuality "1"]
[TimeControl "40/5400+30:1800+30"]

1. c4 {[%emt 0:00:00]} e6 {[%emt 0:00:33]} 2. Nf3 {[%emt 0:00:00]} d5 {[%emt 0:00:10]} 3. g3 {[%emt 0:00:00]} Nf6 {[%emt 0:00:42]} 4. Bg2 {[%emt 0:00:00]} d4 {[%emt 0:02:27]} 5. O-O {[%emt 0:00:03]} c5 {[%emt 0:00:11]} 6. e3 {[%emt 0:00:07]} Nc6 {[%emt 0:00:06]} 7. exd4 {[%emt 0:00:04]} cxd4 {[%emt 0:00:05]} 8. d3 {[%emt 0:02:00]} Bd6 {[%emt 0:03:21]} 9. b3 {[%emt 0:05:42]} O-O {[%emt 0:01:38]} 10. Ba3 {[%emt 0:00:02]} Re8 {[%emt 0:06:58]} 11. Bxd6 {[%emt 0:00:57]} Qxd6 {[%emt 0:00:43]} 12. a3 {[%emt 0:00:02]} a5 {[%emt 0:00:20]} 13. Nbd2 {[%emt 0:00:03]} h6 {[%emt 0:02:23]} 14. Qc2 {[%emt 0:01:53]} e5 {[%emt 0:06:16]} 15. c5 {[%emt 0:00:19]} Qe7 {[%emt 0:04:22]} 16. Rfe1 {[%emt 0:00:05]} Bf5 {[%emt 0:03:00]} 17. Nh4 {[%emt 0:02:01]} Be6 {[%emt 0:10:32]} 18. Ne4 {[%emt 0:03:32]} Nd5 {[%emt 0:15:23]} 19. Nf3 {[%emt 0:02:43]} Red8 {[%emt 0:18:24]} 20. Nd6 {[%emt 0:03:55]} b6 {[%emt 0:06:16]} 21. Nxe5 {[%emt 0:05:10]} Nxe5 {[%emt 0:01:00]} 22. Rxe5 {[%emt 0:00:06]} bxc5 {[%emt 0:00:07]} 23. Nc4 {[%emt 0:01:18]} Qc7 {[%emt 0:03:10]} 24. Rae1 {[%emt 0:03:22]} Rab8 {[%emt 0:02:02]} 25. f4 {[%emt 0:03:26]} Ne3 {[%emt 0:04:43]} 26. Nxe3 {[%emt 0:00:17]} dxe3 {[%emt 0:00:09]} 27. R1xe3 {[%emt 0:01:35]} Qd7 {[%emt 0:03:38]} 28. Qxc5 {[%emt 0:01:07]} Rdc8 {[%emt 0:01:43]} 29. Qxa5 {[%emt 0:00:15]} Qd4 {[%emt 0:00:46]} 30. Kh1 {[%emt 0:03:44]} Rc2 {[%emt 0:01:26]} 31. Qe1 {[%emt 0:02:17]} Rbc8 {[%emt 0:00:49]} 32. Qf1 {[%emt 0:01:25]} Qb2 {[%emt 0:01:17]} 33. Re2 {[%emt 0:01:44]} Bg4 {[%emt 0:00:26]} 34. Rxc2 {[%emt 0:04:27]} Rxc2 {[%emt 0:00:03]} 35. h3 {[%emt 0:00:03]} Be2 {[%emt 0:00:29]} 36. Qf2 {[%emt 0:02:00]} Bxd3 {[%emt 0:00:03]} 37. Qf3 {[%emt 0:00:03]} Rc1+ {[%emt 0:00:58]} 38. Kh2 {[%emt 0:00:03]} Bf1 {[%emt 0:00:45]} 39. Qa8+ {[%emt 0:11:55]} Kh7 {[%emt 0:00:01]} 40. Qe4+ {[%emt 0:00:00]} g6 {[%emt 0:00:00]} 41. Qd5 {[%emt 0:00:45]} Rc7 {[%emt 0:04:05]} 42. Re8 {[%emt 0:08:46]} Bxg2 {[%emt 0:01:23]} 43. Qe5 {[%emt 0:00:06]} Qxe5 {[%emt 0:00:09]} 44. Rxe5 {[%emt 0:00:02]} Rc2 {[%emt 0:00:17]} 45. b4 {[%emt 0:00:02]} Bb7+ {[%emt 0:01:57]} 46. Kg1 {[%emt 0:01:05]} Rg2+ {[%emt 0:00:32]} 47. Kf1 {[%emt 0:00:03]} Rxg3 {[%emt 0:00:06]} 48. a4 {[%emt 0:00:53]} Rf3+ {[%emt 0:00:06]} 49. Ke1 {[%emt 0:00:07]} Rxf4 {[%emt 0:00:03]} 0-1

[Event "GAMMA Reykjavik Open 2019"]
[Site "Reykjavik"]
[Date "2019.04.14"]
[Round "7.12"]
[White "Brunello, Sabino"]
[Black "Lagarde, Maxime"]
[Result "1-0"]
[WhiteElo "2534"]
[BlackElo "2612"]
[Annotator "RC"]
[PlyCount "99"]
[EventDate "2019.04.04"]
[EventType "swiss"]
[EventCountry "ISL"]
[SourceTitle "playchess.com"]
[Source "ChessBase"]
[SourceQuality "1"]
[TimeControl "40/5400+30:1800+30"]

1. d4 {[%emt 0:00:24]} Nf6 {[%emt 0:00:00]} 2. c4 {[%emt 0:00:20]} g6 {[%emt 0:00:00]} 3. Nc3 {[%emt 0:00:29]} d5 {[%emt 0:00:01]} 4. Bg5 {[%emt 0:03:53]} Bg7 {[%emt 0:01:07]} 5. Bxf6 {[%emt 0:00:30]} Bxf6 {[%emt 0:00:05]} 6. cxd5 {[%emt 0:01:32]} c5 {[%emt 0:00:03]} 7. dxc6 {[%emt 0:01:06]} Bxd4 {[%emt 0:02:05]} 8. cxb7 {[%emt 0:06:53]} Bxb7 {[%emt 0:03:09]} 9. e3 {[%emt 0:00:10]} Bxc3+ {[%emt 0:00:25]} 10. bxc3 {[%emt 0:00:01]} Qa5 {[%emt 0:01:18]} 11. Rb1 {[%emt 0:08:28]} Qxc3+ {[%emt 0:12:27]} 12. Qd2 {[%emt 0:00:12]} Qxd2+ {[%emt 0:01:09]} 13. Kxd2 {[%emt 0:00:02]} Nc6 {[%emt 0:00:32]} 14. Nf3 {[%emt 0:06:38]} O-O-O+ {[%emt 0:00:12]} 15. Bd3 {[%emt 0:02:51]} e5 {[%emt 0:08:34]} 16. Rhc1 {[%emt 0:01:55]} Rhe8 {[%emt 0:00:28]} 17. e4 {[%emt 0:04:30]} Re7 {[%emt 0:01:28]} 18. Ke3 {[%emt 0:12:44]} Rc7 {[%emt 0:02:17]} 19. Bc4 {[%emt 0:04:00]} f6 {[%emt 0:03:25]} 20. Bd5 {[%emt 0:07:38]} Na5 {[%emt 0:02:25]} 21. Rxc7+ {[%emt 0:00:25]} Kxc7 {[%emt 0:00:04]} 22. Rb5 {[%emt 0:00:03]} Rxd5 {[%emt 0:05:50]} 23. exd5 {[%emt 0:00:42]} Nc4+ {[%emt 0:00:04]} 24. Ke2 {[%emt 0:05:04]} Nd6 {[%emt 0:00:05]} 25. Rb2 {[%emt 0:00:15]} Bxd5 {[%emt 0:00:43]} 26. g4 {[%emt 0:01:14]} g5 {[%emt 0:04:53]} 27. Nd2 {[%emt 0:01:40]} a5 {[%emt 0:01:24]} 28. Kd3 {[%emt 0:05:14]} Bf7 {[%emt 0:20:09]} 29. Ne4 {[%emt 0:05:46]} Bg6 {[%emt 0:01:32]} 30. f3 {[%emt 0:00:03]} f5 {[%emt 0:02:33]} 31. Nxd6 {[%emt 0:05:11]} Kxd6 {[%emt 0:00:04]} 32. gxf5 {[%emt 0:01:56]} Bxf5+ {[%emt 0:00:03]} 33. Kc4 {[%emt 0:00:21]} Be6+ {[%emt 0:02:21]} 34. Kb5 {[%emt 0:01:48]} Bd5 {[%emt 0:01:37]} 35. Rf2 {[%emt 0:04:00]} h5 {[%emt 0:02:34]} 36. a4 {[%emt 0:02:24]} e4 {[%emt 0:05:01]} 37. fxe4 {[%emt 0:00:57]} Bxe4 {[%emt 0:00:04]} 38. Rf6+ {[%emt 0:05:53]} Ke5 {[%emt 0:00:05]} 39. Rh6 {[%emt 0:00:04]} h4 {[%emt 0:00:18]} 40. Kxa5 {[%emt 0:00:00]} Kf4 {[%emt 0:00:00]} 41. Kb6 {[%emt 0:01:27]} Kf3 {[%emt 0:05:49]} 42. Kc5 {[%emt 0:21:29]} Kg2 {[%emt 0:05:06]} 43. Kd4 {[%emt 0:00:28]} Bf3 {[%emt 0:01:22]} 44. Ke3 {[%emt 0:02:01]} h3 {[%emt 0:00:04]} 45. a5 {[%emt 0:05:10]} g4 {[%emt 0:00:38]} 46. Rg6 {[%emt 0:00:32]} Kxh2 {[%emt 0:01:26]} 47. Kf2 {[%emt 0:00:03]} Be2 {[%emt 0:00:50]} 48. Kxe2 {[%emt 0:01:16]} g3 {[%emt 0:00:02]} 49. a6 {[%emt 0:00:19]} g2 {[%emt 0:00:03]} 50. a7 {[%emt 0:00:14]} 1-0

[Event "GAMMA Reykjavik Open 2019"]
[Site "Reykjavik"]
[Date "2019.04.14"]
[Round "7.13"]
[White "Tari, Aryan"]
[Black "Stefansson, Vignir Vatnar"]
[Result "1-0"]
[WhiteElo "2615"]
[BlackElo "2293"]
[Annotator "TA"]
[PlyCount "47"]
[EventDate "2019.04.04"]
[EventType "swiss"]
[EventCountry "ISL"]
[SourceTitle "playchess.com"]
[Source "ChessBase"]
[SourceQuality "1"]

{[%evp 19,47,17,26,32,33,25,286,302,303,290,326,325,313,279,327,322,414,422,478,475,433,451,439,430,461,458,476,463,438,423]} 1. e4 e6 2. d4 d5 3. Nc3 Bb4 4. e5 c5 5. a3 Bxc3+ 6. bxc3 Qa5 7. Bd2 Qa4 8. Qg4 Kf8 9. h4 {C18: French: 3 Nc3 Bb4: Main line: 7 h4 and 7 Qg4} b6 (9... Nc6 10. h5 Qxc2 11. Rc1 Qe4+ 12. Qxe4 dxe4 13. Ne2 f5 14. g4 Nge7 15. gxf5 Nxf5 16. Bg2 h6 17. Bxe4 {1-0 (36) Grischuk,A (2771)-Tikkanen,H (2510) Astana 2019}) 10. h5 h6 {LiveBook: 3 Games} 11. Rh3 {[%cal Bh1h3,Bh3g3,Bg3g8,Bg8f8,Bf8f7][%mdl 32] [#] And now Rg3 would win.White has an edge.} Ne7 12. Bd3 c4 $146 {[%mdl 8192]} (12... Nf5 $11) ({Predecessor:} 12... Nf5 13. Qf4 c4 14. g4 cxd3 15. gxf5 exf5 16. cxd3 {1-0 (34) Lyell,M (2294)-Tran,M (2066) Budapest 2014}) 13. Rg3 $18 Ke8 14. Qxg7 Rg8 {[#]} 15. Qxg8+ $1 ({Inferior is} 15. Qxh6 Rxg3 16. fxg3 cxd3 $11) 15... Nxg8 16. Rxg8+ Kd7 17. Bh7 Qa5 18. Rf8 Kc7 {White is clearly winning.} 19. Ne2 Nc6 20. Rxf7+ Bd7 21. Kd1 Rh8 22. Bxh6 Kc8 {If only Black now had time for ...Be8....} 23. Rf8+ Rxf8 24. Bxf8 1-0

[Event "GAMMA Reykjavik Open 2019"]
[Site "Reykjavik"]
[Date "2019.04.14"]
[Round "7.14"]
[White "Ortega Ruiz, Jose Miguel"]
[Black "Gretarsson, Hjorvar Steinn"]
[Result "0-1"]
[WhiteElo "2281"]
[BlackElo "2571"]
[Annotator "TA"]
[PlyCount "58"]
[EventDate "2019.04.04"]
[EventType "swiss"]
[EventCountry "ISL"]
[SourceTitle "playchess.com"]
[Source "ChessBase"]
[SourceQuality "1"]

{[%evp 25,58,0,0,0,0,0,0,0,3,-58,-62,-105,-74,-142,-52,-53,-46,-101,-94,-101,-105,-164,-166,-158,-165,-154,-164,-206,-194,-204,-113,-122,-114,-412,-410]} 1. d4 Nf6 2. c4 g6 3. Nc3 d5 4. Bf4 Bg7 5. e3 O-O 6. Rc1 Be6 7. Nf3 dxc4 8. Ng5 Bd5 9. e4 h6 10. exd5 hxg5 11. Bxg5 Nxd5 12. Bxc4 Nb6 13. Bb3 Nc6 14. d5 {D92: Grünfeld: 4 Nf3 Bg7 5 Bf4} Nd4 15. O-O Qd7 16. Re1 {The position is equal.} (16. h4 Rfe8 17. a3 Nxb3 18. Qxb3 Rad8 19. Rfe1 Nxd5 20. Nxd5 Qxd5 21. Qxd5 Rxd5 22. Rxc7 Bxb2 23. Rxb7 Bxa3 24. Rxa7 {½-½ (30) Vitiugov,N (2709)-Vachier Lagrave,M (2778) Shenzhen 2018}) 16... Rfe8 {[#]} 17. Na4 $146 (17. h4 $11) ({Predecessor:} 17. h4 Rad8 18. a4 Nxb3 19. Qxb3 Nxd5 20. Nxd5 Qxd5 21. Qxd5 Rxd5 22. Rxc7 {½-½ (59) Xiong,J (2665)-Bok,B (2636) Saint Louis 2018}) 17... Nxd5 $15 18. Bxd5 Qxd5 {[%mdl 64] [#] Double Attack} 19. Bxe7 (19. h4 $142) 19... c6 ({Better is} 19... Qxa2 $17 20. Rxc7 b5) 20. Nc3 Qd7 21. Bh4 (21. Bg5 $15) 21... Rxe1+ $17 22. Qxe1 Re8 $36 {[%mdl 2048] Keeping White busy.} 23. Qf1 (23. Qd1 $17 {was worth a try.}) 23... Qg4 $19 24. Bg3 {[#]} Ne2+ $1 25. Nxe2 Qxe2 26. b4 Qxa2 27. b5 cxb5 (27... Bb2 $19 28. Rd1 c5) 28. Qxb5 $17 Qe2 29. Qb4 $2 {[%mdl 8192]} (29. Qxe2 $17 Rxe2 30. Kf1) 29... Bh6 {Accuracy: White = 18%, Black = 55%.} 0-1

[Event "GAMMA Reykjavik Open 2019"]
[Site "Reykjavik"]
[Date "2019.04.14"]
[Round "7.15"]
[White "Thorhallsson, Simon"]
[Black "Djukic, Nikola"]
[Result "0-1"]
[WhiteElo "2171"]
[BlackElo "2566"]
[Annotator "ChessBase"]
[PlyCount "86"]
[EventDate "2019.04.04"]
[EventType "swiss"]
[EventCountry "ISL"]
[SourceTitle "playchess.com"]
[Source "ChessBase"]
[SourceQuality "1"]
[TimeControl "40/5400+30:1800+30"]

1. d4 {[%emt 0:00:00]} Nf6 {[%emt 0:00:00]} 2. c4 {[%emt 0:00:00]} g6 {[%emt 0:00:00]} 3. Nc3 {[%emt 0:00:00]} Bg7 {[%emt 0:00:00]} 4. e4 {[%emt 0:00:07]} d6 {[%emt 0:00:00]} 5. f3 {[%emt 0:04:05]} O-O {[%emt 0:00:00]} 6. Be3 {[%emt 0:00:17]} a6 {[%emt 0:00:04]} 7. Qd2 {[%emt 0:00:25]} Nbd7 {[%emt 0:00:06]} 8. Nh3 {[%emt 0:00:50]} c5 {[%emt 0:02:12]} 9. d5 {[%emt 0:00:38]} b5 {[%emt 0:00:18]} 10. cxb5 {[%emt 0:01:58]} Qa5 {[%emt 0:00:06]} 11. bxa6 {[%emt 0:01:48]} Bxa6 {[%emt 0:00:10]} 12. Bxa6 {[%emt 0:02:50]} Qxa6 {[%emt 0:00:07]} 13. Qe2 {[%emt 0:02:47]} Rfb8 {[%emt 0:02:24]} 14. Qxa6 {[%emt 0:06:57]} Rxa6 {[%emt 0:00:23]} 15. Rb1 {[%emt 0:03:16]} Ng4 {[%emt 0:03:42]} 16. Bd2 {[%emt 0:02:53]} Ne3 {[%emt 0:01:55]} 17. Kf2 {[%emt 0:07:36]} Nc4 {[%emt 0:00:51]} 18. Ke2 {[%emt 0:00:34]} Nxb2 {[%emt 0:01:51]} 19. Rhc1 {[%emt 0:01:26]} Rbb6 {[%emt 0:06:59]} 20. Rc2 {[%emt 0:06:42]} Nc4 {[%emt 0:09:12]} 21. Rxb6 {[%emt 0:03:22]} Ndxb6 {[%emt 0:00:05]} 22. Nf2 {[%emt 0:02:23]} f5 {[%emt 0:07:43]} 23. Nfd1 {[%emt 0:03:15]} fxe4 {[%emt 0:06:04]} 24. fxe4 {[%emt 0:00:10]} Be5 {[%emt 0:03:44]} 25. h3 {[%emt 0:01:48]} Kf7 {[%emt 0:00:58]} 26. Ne3 {[%emt 0:02:15]} Nxe3 {[%emt 0:04:16]} 27. Kxe3 {[%emt 0:00:20]} Nc4+ {[%emt 0:01:34]} 28. Kd3 {[%emt 0:00:27]} Nxd2 {[%emt 0:00:42]} 29. Kxd2 {[%emt 0:00:22]} Ra3 {[%emt 0:01:01]} 30. Nb5 {[%emt 0:01:30]} Ra4 {[%emt 0:01:37]} 31. Kd3 {[%emt 0:02:50]} Kf6 {[%emt 0:01:53]} 32. Rf2+ {[%emt 0:02:35]} Kg5 {[%emt 0:00:11]} 33. Rf7 {[%emt 0:00:48]} c4+ {[%emt 0:01:52]} 34. Ke3 {[%emt 0:00:56]} Rxa2 {[%emt 0:00:36]} 35. Rxe7 {[%emt 0:00:19]} Rxg2 {[%emt 0:01:26]} 36. Rc7 {[%emt 0:05:38]} Rg3+ {[%emt 0:00:36]} 37. Kd2 {[%emt 0:00:44]} Rd3+ {[%emt 0:05:08]} 38. Ke2 {[%emt 0:03:43]} Rb3 {[%emt 0:01:32]} 39. Na7 {[%emt 0:00:12]} Rxh3 {[%emt 0:01:21]} 40. Rxc4 {[%emt 0:00:00]} Kf4 {[%emt 0:00:00]} 41. Nc6 {[%emt 0:00:23]} Re3+ {[%emt 0:00:55]} 42. Kf2 {[%emt 0:00:12]} Rxe4 {[%emt 0:00:09]} 43. Nxe5 {[%emt 0:00:17]} Kxe5 {[%emt 0:00:11]} 0-1